Adaptívny prenos dát v systémoch riadenia technologických procesov : Kand.diz.práca : V.odb. 26-15-9 : Obh. 15.11.1993 /

Enregistré dans:
Détails bibliographiques
Autres auteurs: Georgiev, Ivan (Directeur de thèse)
Format: Manuscrit Livre
Publié: Bratislava : STU v Bratislave FEI, 1993
Sujets:
Tags: Ajouter un tag
Pas de tags, Soyez le premier à ajouter un tag!

MARC

LEADER 00000ntm a22000003a 4500
001 stu5079
005 20160720092242.8
008 ------s1993----------------------------d
040 |a STU  |b slo 
100 1 |a Georgiev, Ivan  |4 ths 
245 1 |a Adaptívny prenos dát v systémoch riadenia technologických procesov :  |b Kand.diz.práca : V.odb. 26-15-9 : Obh. 15.11.1993 /  |c [aut.]Rakšány,Peter, Ing.; Škol. Georgiev,Ivan 
260 |a Bratislava :  |b STU v Bratislave FEI,  |c 1993 
300 |a 90 s  |c Autoref.1993, 22 s 
650 7 |a technická kybernetika  |2 stusub 
650 7 |a ASR  |2 stusub 
996 |b 284ED00658  |c E*KDIZ-688  |l EE01  |s A  |a 24  |w stu5079_0001